000 00202nam a2200097Ia 4500
008 240331s9999 xx 000 0 und d
082 _bWIL
100 _aWilson,C
245 0 _aAth thatu mewila
942 _cL
999 _c4873
_d4873